Gung Ho! Bí quyết phát huy nhiệt huyết nhân viên = Gung Ho! Turn on the people in any organization /

Saved in:
Bibliographic Details
Main Author: Banchard, Ken
Format: Book
Language:Vietnamese
Published: TR 2008
Tags: Add Tag
No Tags, Be the first to tag this record!
Institutions: Mạng thư viện Đại học Đà Nẵng
LEADER 00730nam a2200265 4500
001 000027042
003 BL-KN
005 20150403120000.0
008 150403s vm 000 vie
020 |c 0,0000 
040 |a notts 
100 |a Banchard, Ken 
245 |a Gung Ho! Bí quyết phát huy nhiệt huyết nhân viên = Gung Ho! Turn on the people in any organization /  |c Ken Blanchard, Sheldon Bowles ; biên dịch Việt Hà, Thu An. 
260 |b TR  |c 2008 
OWN |a LTT 
999 |a From the UDN01 
TYP |a Monograph 
TYP |a Printed language 
980 |a Mạng thư viện Đại học Đà Nẵng